Statystyki dla Flagi państw Europejskich według stolic (Bardzo Trudne)

Kliknij tutaj aby rozwiązać quiz!

Ogólne statystyki

  • Ten quiz został rozwiązany 39 razy
    (33 od ostatniego zresetowania)
  • Średni wynik to 24 z 92

Statystyki odpowiedzi

Odpowiedź% Poprawnych
Andora
60%
Moskwa
60%
Barcelona
50%
Bukareszt
50%
Kijów
50%
Lizbona
50%
Londyn
50%
Rzym
50%
San Marino
50%
Sztokholm
50%
Watykan
50%
Ankara
40%
Belgrad
40%
Berno
40%
Bruksela
40%
Budapeszt
40%
Cardiff
40%
Dublin
40%
Edynburg
40%
Kiszyniów
40%
Kopenhaga
40%
Luksemburg
40%
Nikozja
40%
Oslo
40%
Paryż
40%
Podgorica
40%
Prisztina
40%
Reykjavik
40%
Ryga
40%
Skopje
40%
Sofia
40%
Valetta
40%
Warszawa
40%
Wiedeń
40%
Wilno
40%
Zagrzeb
40%
Baku
30%
Erywań
30%
Madryt
30%
Monachium
30%
Monako
30%
Sarajewo
30%
Tirana
30%
Amsterdam
20%
Astana
20%
Ateny
20%
Berlin
20%
Bratysława
20%
Douglas
20%
Helsinki
20%
Lublana
20%
Mińsk
20%
Nikozja
20%
Palermo
20%
Praga
20%
Tallinn
20%
Tbilisi
20%
Thorshavn
20%
Vaduz
20%
Aosta
10%
Batumi
10%
Belfast
10%
Cagliari
10%
Cchinwali
10%
Czeboksary
10%
Czerkiesk
10%
Elista
10%
Gibraltar
10%
Grozny
10%
Iżewsk
10%
Joszkar-Oła
10%
Kazań
10%
Komrat
10%
Maarianhamina
10%
Machaczkała
10%
Magas
10%
Majkop
10%
Nalczyk
10%
Nowy Sad
10%
Pietrozawodsk
10%
Saint Helier
10%
Saint Peter Port
10%
Sarańsk
10%
Suchumi
10%
Syktywkar
10%
Triest
10%
Trydent
10%
Tuluza
10%
Tyraspol
10%
Ufa
10%
Vitoria-Gasteiz
10%
Władykaukaz
10%

Rozkład punktacji

Percentyl według liczby udzielonych odpowiedzi

Procent ludzi z każdym wynikiem

Twoja historia wyników

Nie rozwiązałeś tego quizu od ostatniego zresetowania